000 00496nam a2200205Ia 4500
999 _c1651
_d1651
003 0100
008 130227s9999 xx 000 0 und d
040 _cARRUPELIB
050 _aDT773.R35
100 _aRansford, Oliver
_939678
245 4 _aThe great trek /
260 _aLondon
_bCardinal
_c1974
300 _a250p.
300 _b 23 cm
650 _aSouth Africa
_xHistory
_xGreat trek
_939679
942 _2lcc
_cMONOGRAPH